[Event "Auckland Anniversary Weekender 2017"]
[Site "Auckland NZL"]
[Date "2017.01.29"]
[Round "4"]
[White "Hague, Ben"]
[Black "Zhang, Jasmine Haomo"]
[Result "1-0"]
[WhiteElo "2463"]
[BlackElo "1837"]
[PlyCount "51"]
[EventDate "2017.01.27"]

1. e4 c5 2. Nf3 d6 3. d4 cxd4 4. Nxd4 Nf6 5. Nc3 a6 6. Bg5 e6 7. f4 Be7 8. Qf3
Qc7 9. O-O-O Nbd7 10. g4 b5 11. Bxf6 Nxf6 12. g5 Nd7 13. f5 Ne5 14. Qg3 b4 15.
Nce2 exf5 16. Nxf5 g6 17. Ne3 Be6 18. Kb1 Qb7 19. Nf4 O-O-O 20. Nxe6 fxe6 21.
Bh3 Nd7 22. Bxe6 Qxe4 23. Bh3 Qe5 24. Qf3 Qc5 25. Qa8+ Kc7 26. Nd5+ 1-0

[Event "Auckland Anniversary Weekender 2017"]
[Site "Auckland NZL"]
[Date "2017.01.29"]
[Round "4"]
[White "Garbett, Paul A"]
[Black "Bennett, Hilton P"]
[Result "1-0"]
[WhiteElo "2331"]
[BlackElo "2055"]
[PlyCount "51"]
[EventDate "2017.01.27"]

1. f4 g6 2. Nf3 Bg7 3. g3 Nf6 4. Bg2 d5 5. O-O O-O 6. d3 c5 7. c3 Nc6 8. Na3
Re8 9. Nh4 h6 10. e4 dxe4 11. dxe4 Qxd1 12. Rxd1 Bg4 13. Re1 Rad8 14. h3 Bc8
15. Be3 e5 16. Bxc5 Nh5 17. Nc4 exf4 18. g4 Nf6 19. e5 Nd7 20. Bxc6 bxc6 21.
Bd6 Ba6 22. Na5 Nxe5 23. Bxe5 Rxe5 24. Rxe5 Bxe5 25. Nxc6 Rd5 26. Ne7+ 1-0

[Event "Auckland Anniversary Weekender 2017"]
[Site "Auckland NZL"]
[Date "2017.01.29"]
[Round "4"]
[White "Gong, Daniel Hanwen"]
[Black "Runcan, Daniel-Ioan"]
[Result "1-0"]
[WhiteElo "2255"]
[BlackElo "1994"]
[PlyCount "41"]
[EventDate "2017.01.27"]

1. c4 c6 2. e4 d5 3. cxd5 cxd5 4. exd5 Qxd5 5. Nc3 Qa5 6. d4 Nf6 7. Nf3 g6 8.
Bc4 Bg7 9. O-O O-O 10. Re1 e6 11. Bg5 a6 12. a4 Nbd7 13. Qd2 Nb6 14. Ba2 Bd7
15. b4 Qxb4 16. Rab1 Qd6 17. Bxf6 Nxa4 18. Bxg7 Nxc3 19. Bxf8 Nxb1 20. Bxd6
Nxd2 21. Nxd2 1-0

[Event "Auckland Anniversary Weekender 2017"]
[Site "Auckland NZL"]
[Date "2017.01.29"]
[Round "4"]
[White "Lyall, Simon"]
[Black "Fan, Allen Chi Zhou"]
[Result "0-1"]
[WhiteElo "1797"]
[BlackElo "2153"]
[PlyCount "64"]
[EventDate "2017.01.27"]

1. e4 Nf6 2. e5 Nd5 3. c4 Nb6 4. c5 Nd5 5. Nc3 e6 6. d4 b6 7. Nxd5 exd5 8. Be3
Be7 9. Qg4 g6 10. h4 d6 11. Qg3 dxc5 12. h5 g5 13. dxc5 bxc5 14. Bb5+ c6 15.
Bd3 h6 16. Nf3 Be6 17. O-O Nd7 18. Rfc1 Qb8 19. b3 g4 20. Nh2 Qxe5 21. Bf4 Qxh5
22. Re1 Nf8 23. Re5 Qh4 24. Rae1 Qxg3 25. fxg3 h5 26. R5e2 Kd7 27. Nf1 Bd8 28.
Ne3 Bb6 29. Kf1 h4 30. Nxg4 hxg3 31. Ne5+ Ke8 32. Bxg3 c4 0-1

[Event "Auckland Anniversary Weekender 2017"]
[Site "Auckland NZL"]
[Date "2017.01.29"]
[Round "4"]
[White "Steadman, Michael V R"]
[Black "Mukkattu, Philip"]
[Result "1-0"]
[WhiteElo "2328"]
[BlackElo "1880"]
[PlyCount "37"]
[EventDate "2017.01.27"]

1. c4 Nf6 2. Nc3 d5 3. cxd5 Nxd5 4. e4 Nxc3 5. bxc3 c5 6. Nf3 Nd7 7. Bc4 e6 8.
O-O Bd6 9. d4 O-O 10. Qe2 e5 11. Bb2 exd4 12. cxd4 cxd4 13. Bxd4 Qe7 14. e5 Bc5
15. Bb2 Nb6 16. Bd3 Na4 17. Qe4 g6 18. Qxa4 Bg4 19. Qxg4 1-0

[Event "Auckland Anniversary Weekender 2017"]
[Site "Auckland NZL"]
[Date "2017.01.29"]
[Round "4"]
[White "Holdo, Karl"]
[Black "Duneas, John"]
[Result "0-1"]
[WhiteElo "1741"]
[BlackElo "2183"]
[PlyCount "82"]
[EventDate "2017.01.27"]

1. e4 e6 2. d4 d5 3. e5 c5 4. c3 Qb6 5. Nf3 Bd7 6. a3 Nh6 7. Bd3 cxd4 8. cxd4
Nc6 9. Bc2 Nf5 10. Bxf5 exf5 11. O-O Be7 12. Nc3 Be6 13. Na4 Qd8 14. Re1 O-O
15. b4 b6 16. Bd2 Rc8 17. Nc3 g5 18. b5 Na5 19. h3 Kh8 20. Ne2 Nc4 21. Bb4 Qd7
22. Bxe7 Qxe7 23. Ng3 g4 24. hxg4 fxg4 25. Nh2 Qg5 26. Qd3 h5 27. Rf1 h4 28. f4
gxf3 29. Rxf3 Rg8 30. Nhf1 Rg7 31. Ra2 hxg3 32. Rxg3 Qf5 33. Qxf5 Bxf5 34. Rxg7
Kxg7 35. Ng3 Bg6 36. a4 Na5 37. Ne2 Rc4 38. Rd2 Rxa4 39. Nf4 Be4 40. e6 fxe6
41. Nxe6+ Kf6 0-1

[Event "Auckland Anniversary Weekender 2017"]
[Site "Auckland NZL"]
[Date "2017.01.29"]
[Round "4"]
[White "Gibbons, Robert E"]
[Black "Ha, Huy Minh (Timothy)"]
[Result "1-0"]
[WhiteElo "2057"]
[BlackElo "1778"]
[PlyCount "97"]
[EventDate "2017.01.27"]

1. f4 d5 2. Nf3 c5 3. e3 Nc6 4. Be2 g6 5. O-O Bg7 6. d3 Nf6 7. Nbd2 Ng4 8. Nb3
b6 9. Rb1 O-O 10. h3 Nf6 11. g4 e6 12. a3 h6 13. Qe1 Nh7 14. Qg3 a5 15. Nbd2
Qc7 16. Kg2 Ra7 17. c3 b5 18. d4 c4 19. Ne5 Nxe5 20. dxe5 b4 21. Nf3 bxa3 22.
bxa3 Rb7 23. Bd2 Bd7 24. Nd4 Rfb8 25. Rxb7 Rxb7 26. h4 Rb2 27. Bc1 Ra2 28. Kh3
Bf8 29. f5 Bxa3 30. Bxa3 Rxa3 31. fxg6 fxg6 32. Qf4 Be8 33. Nxe6 Qe7 34. Nd4
Rxc3 35. Bf3 Qxh4+ 36. Kg2 Qg5 37. Bxd5+ Kh8 38. Qxg5 hxg5 39. Kf3 Nf8 40. e6
Kg7 41. Rb1 Kf6 42. Rb8 Nxe6 43. Bxe6 Bc6+ 44. Nxc6 Kxe6 45. Nxa5 Rc1 46. Rb6+
Kf7 47. Rc6 c3 48. Nb3 Rc2 49. Nd4 1-0

[Event "Auckland Anniversary Weekender 2017"]
[Site "Auckland NZL"]
[Date "2017.01.29"]
[Round "4"]
[White "Picken, Oliver"]
[Black "Qin, Nicole Shu Yu"]
[Result "1-0"]
[WhiteElo "1900"]
[BlackElo "1557"]
[PlyCount "93"]
[EventDate "2017.01.27"]

1. e4 e6 2. Nf3 c5 3. d4 d5 4. exd5 exd5 5. Nc3 Be6 6. Be3 cxd4 7. Nxd4 Nf6 8.
Be2 a6 9. O-O Bd6 10. Bf3 Nc6 11. Re1 O-O 12. Bg5 h6 13. Bxf6 Qxf6 14. Nxe6
fxe6 15. Rxe6 Qf4 16. g3 Qxf3 17. Qxf3 Rxf3 18. Rxd6 d4 19. Ne2 Rf7 20. Nxd4
Nxd4 21. Rxd4 Rc8 22. c3 Re8 23. Kf1 Re6 24. Re1 Rb6 25. Re2 Rb5 26. Kg2 Ra5
27. a3 Kh7 28. Rd6 Rc5 29. Ree6 Kg8 30. f4 Rb5 31. Rb6 Rxb6 32. Rxb6 Rd7 33.
Kf3 Kf7 34. Ke4 Ke7 35. Ke5 Kd8 36. Rd6 Ke7 37. Rxd7+ Kxd7 38. b4 b5 39. g4 Ke7
40. h4 g6 41. f5 g5 42. hxg5 hxg5 43. f6+ Kf7 44. Kf5 Kf8 45. Kg6 Kg8 46. f7+
Kf8 47. Kf6 1-0

[Event "Auckland Anniversary Weekender 2017"]
[Site "Auckland NZL"]
[Date "2017.01.29"]
[Round "4"]
[White "Barry, Jacob"]
[Black "Li, Xiang Wei William"]
[Result "0-1"]
[WhiteElo "1220"]
[BlackElo "2120"]
[PlyCount "58"]
[EventDate "2017.01.27"]

1. e4 c5 2. Nc3 a6 3. f4 b5 4. g3 Bb7 5. Bg2 e6 6. a3 Ne7 7. Nge2 d5 8. O-O d4
9. Na2 Nbc6 10. b4 c4 11. Bb2 Qb6 12. Kh1 Rd8 13. Qe1 Nc8 14. Rb1 Be7 15. h3
O-O 16. Kh2 Rd7 17. Nec1 Rfd8 18. Qf2 Bf8 19. d3 c3 20. Ba1 a5 21. Ne2 axb4 22.
axb4 Qa6 23. Nac1 Nxb4 24. Nb3 Nxc2 25. Rfc1 Na3 26. Nbxd4 Nxb1 27. Rxb1 b4 28.
Nc2 Qxd3 29. Nc1 Qd2 0-1

[Event "Auckland Anniversary Weekender 2017"]
[Site "Auckland NZL"]
[Date "2017.01.29"]
[Round "4"]
[White "Krstev, Antonio"]
[Black "Steadman, Mathew"]
[Result "1-0"]
[WhiteElo "2060"]
[BlackElo "1418"]
[PlyCount "65"]
[EventDate "2017.01.27"]

1. d4 f5 2. c4 Nf6 3. Nc3 d6 4. Bg5 Nbd7 5. e3 g6 6. Bd3 Bg7 7. f4 c6 8. Nf3
O-O 9. h3 h6 10. Bh4 Qe8 11. d5 Nc5 12. Qc2 e5 13. dxe6 Qxe6 14. Bf2 Nce4 15.
Nd4 Qe7 16. Bxe4 Nxe4 17. Nxe4 Qxe4 18. Qxe4 fxe4 19. O-O-O a6 20. Bh4 Bf6 21.
Bxf6 Rxf6 22. g4 b5 23. Nxc6 Bb7 24. Na5 Rb8 25. Rd4 bxc4 26. Rhd1 g5 27. Rxd6
Rf7 28. Rd8+ Rxd8 29. Rxd8+ Kg7 30. f5 c3 31. b3 Re7 32. Kc2 h5 33. Rd6 1-0

[Event "Auckland Anniversary Weekender 2017"]
[Site "Auckland NZL"]
[Date "2017.01.29"]
[Round "4"]
[White "Chen, Wei Kai"]
[Black "Gao, Hugh"]
[Result "1-0"]
[WhiteElo "1734"]
[BlackElo "1121"]
[PlyCount "91"]
[EventDate "2017.01.27"]

1. b3 d5 2. Bb2 Nc6 3. e3 e5 4. Nf3 Bd6 5. c4 Nf6 6. Nc3 e4 7. cxd5 exf3 8.
dxc6 bxc6 9. Qxf3 Bb7 10. Ne4 Be7 11. Nxf6+ Bxf6 12. Bxf6 Qxf6 13. Qxf6 gxf6
14. Bc4 Ke7 15. Rc1 Rhg8 16. Rg1 Bc8 17. Be2 Kd6 18. d4 Rg5 19. h4 Ra5 20. Rc2
Bf5 21. Rb2 c5 22. Bf3 Rb8 23. dxc5+ Rxc5 24. Ke2 Rb6 25. Rd1+ Ke7 26. Rd4 Rc1
27. Be4 Bg6 28. Rbd2 Bxe4 29. Rxe4+ Re6 30. Ra4 a6 31. Rd5 f5 32. Rxf5 Rcc6 33.
Rff4 Rc5 34. Kd3 Rd6+ 35. Rfd4 Rf6 36. f3 Rc1 37. Rac4 Rd1+ 38. Ke2 Rg1 39.
Rxc7+ Kf8 40. Kf2 Rh1 41. Kg3 Re6 42. Rdd7 Rg6+ 43. Kf4 Rxh4+ 44. g4 Rf6+ 45.
Kg5 Rhh6 46. Rxf7+ 1-0

[Event "Auckland Anniversary Weekender 2017"]
[Site "Auckland NZL"]
[Date "2017.01.29"]
[Round "4"]
[White "Burrows, Grant L"]
[Black "Ning, Isabelle"]
[Result "1-0"]
[WhiteElo "1757"]
[BlackElo "1139"]
[PlyCount "73"]
[EventDate "2017.01.27"]

1. e4 c5 2. Nf3 e6 3. d4 cxd4 4. Nxd4 a6 5. Nc3 Qc7 6. a3 Nf6 7. Be2 Nc6 8. Be3
b5 9. O-O Bb7 10. f3 Be7 11. Qd2 O-O 12. Rad1 d6 13. Rfe1 Rac8 14. f4 Rfd8 15.
Bf3 e5 16. Nf5 h6 17. Qf2 Qd7 18. Qg3 Kf8 19. Qxg7+ Ke8 20. Nxh6 Bf8 21. Qxf6
Bxh6 22. Qxh6 Qe6 23. Qxe6+ fxe6 24. f5 exf5 25. exf5 Kf7 26. Nd5 Ne7 27. Bh5+
Kf8 28. Bh6+ Kg8 29. Nxe7+ Kh7 30. Bg5 Rxc2 31. Bg6+ Kg7 32. f6+ Kh8 33. Bxc2
e4 34. Re3 Bc8 35. Rxe4 Bg4 36. Rxg4 Rd7 37. Rh4# 1-0

[Event "Auckland Anniversary Weekender 2017"]
[Site "Auckland NZL"]
[Date "2017.01.29"]
[Round "4"]
[White "Li, Rodney Xiang Rei"]
[Black "Jacobs, Hilton J"]
[Result "1-0"]
[WhiteElo "1556"]
[BlackElo "1740"]
[PlyCount "133"]
[EventDate "2017.01.27"]

1. e4 e6 2. d4 d5 3. exd5 exd5 4. c4 Nf6 5. Nc3 Be6 6. Qb3 Nc6 7. Nf3 dxc4 8.
Bxc4 Bxc4 9. Qxc4 Bb4 10. O-O O-O 11. a3 Bxc3 12. bxc3 Qd5 13. Qd3 Na5 14. Bf4
c6 15. Rfe1 Rfe8 16. Re5 Rxe5 17. Nxe5 b5 18. a4 Nb7 19. axb5 cxb5 20. Qf3 a5
21. Qxd5 Nxd5 22. Bd2 f6 23. Nc6 a4 24. Nb4 Nb6 25. Nc2 Nc4 26. Bc1 Nbd6 27. f3
Na5 28. Ba3 Ndc4 29. Kf2 Nb3 30. Rd1 Rd8 31. Re1 Rd7 32. Re8+ Kf7 33. Rb8 Rc7
34. Bb4 Ra7 35. Na3 Nxa3 36. Bxa3 Ra5 37. d5 Nd2 38. Rf8+ Kg6 39. Bc5 Nc4 40.
d6 Ne5 41. Ba3 Kf5 42. Re8 Ra7 43. Re7 Nd7 44. Rxg7 Ke5 45. Rxh7 Kd5 46. Rh4
Ra8 47. Rb4 Kc6 48. c4 bxc4 49. Rxc4+ Kd5 50. Rc7 Ke6 51. g4 Ne5 52. Re7+ Kd5
53. d7 Rd8 54. Re8 Rxd7 55. Ra8 Kc4 56. Rxa4+ Kb3 57. Ra6 Rd2+ 58. Kg3 Rd3 59.
Rxf6 Kxa3 60. g5 Kb4 61. g6 Rd7 62. Kf4 Nd3+ 63. Kf5 Rd5+ 64. Ke6 Re5+ 65. Kf7
Rg5 66. f4 Rb5 67. g7 1-0

[Event "Auckland Anniversary Weekender 2017"]
[Site "Auckland NZL"]
[Date "2017.01.29"]
[Round "4"]
[White "Peak, Stephen"]
[Black "Shinil, Anan"]
[Result "1-0"]
[WhiteElo "1622"]
[BlackElo "1156"]
[PlyCount "37"]
[EventDate "2017.01.27"]

1. d4 Nf6 2. Nc3 e6 3. e4 d5 4. e5 Nfd7 5. f4 c5 6. Nf3 cxd4 7. Nxd4 Bc5 8.
Nce2 Nc6 9. c3 Nxd4 10. cxd4 Bb4+ 11. Nc3 Qa5 12. Bd2 Qc7 13. Nb5 Bxd2+ 14.
Qxd2 Qd8 15. Nd6+ Kf8 16. Qb4 Qe7 17. Rc1 Nb6 18. Bb5 a6 19. Be2 1-0

[Event "Auckland Anniversary Weekender 2017"]
[Site "Auckland NZL"]
[Date "2017.01.29"]
[Round "4"]
[White "Qin, Oscar Shu Xuan"]
[Black "McDougall, Euan"]
[Result "1-0"]
[WhiteElo "1254"]
[BlackElo "1586"]
[PlyCount "127"]
[EventDate "2017.01.27"]

1. e4 e5 2. Nf3 Nc6 3. d4 exd4 4. Nxd4 Nxd4 5. Qxd4 Qf6 6. e5 Qb6 7. Qxb6 axb6
8. Bd3 d6 9. exd6 Bxd6 10. Be3 Ne7 11. Nc3 Bd7 12. O-O O-O 13. Rad1 Bc6 14. a3
Be5 15. Bd2 Nd5 16. Nxd5 Bxd5 17. c3 Bd6 18. Be3 Rfe8 19. Bxh7+ Kxh7 20. Rxd5
Ra4 21. Bxb6 Bxh2+ 22. Kxh2 cxb6 23. Rb5 Ra6 24. Kg3 Re2 25. Kf3 Rd2 26. Ke3
Rd7 27. Rh1+ Kg6 28. Rh4 f6 29. Rhb4 Rd6 30. f4 f5 31. Kf3 Kf6 32. Rd4 Rxd4 33.
cxd4 g6 34. g4 Ke6 35. gxf5+ gxf5 36. d5+ Kd6 37. Ke3 Ra4 38. Rxb6+ Kxd5 39.
Rxb7 Re4+ 40. Kf3 Kc5 41. Rf7 Re1 42. Rxf5+ Kc4 43. b4 Rf1+ 44. Ke2 Ra1 45. Ra5
Ra2+ 46. Ke3 Ra1 47. f5 Rf1 48. Ke4 Re1+ 49. Kf4 Re8 50. f6 Kd4 51. Kg5 Rg8+
52. Kh6 Kc4 53. f7 Rf8 54. Kg7 Rb8 55. f8=Q Rxf8 56. Kxf8 Kd4 57. Rc5 Ke4 58.
a4 Kf4 59. a5 Kg3 60. a6 Kh2 61. a7 Kg1 62. Rc2 Kf1 63. a8=Q Ke1 64. Qh1# 1-0

[Event "Auckland Anniversary Weekender 2017"]
[Site "Auckland NZL"]
[Date "2017.01.29"]
[Round "4"]
[White "Schurr, Richard"]
[Black "Welsh, James"]
[Result "1-0"]
[WhiteElo "1265"]
[BlackElo "1430"]
[PlyCount "83"]
[EventDate "2017.01.27"]

1. e4 e5 2. Nf3 Nc6 3. Bc4 Bc5 4. c3 Nf6 5. d4 exd4 6. cxd4 Bb4+ 7. Bd2 Qe7 8.
O-O Nxe4 9. Bxb4 Nxb4 10. Nbd2 f5 11. Nxe4 fxe4 12. Ne5 d5 13. Qh5+ Kf8 14. Bb3
Qe6 15. Rae1 g6 16. Qh6+ Ke7 17. Qg7+ Kd6 18. Qxh8 Qe7 19. f3 Nc6 20. fxe4 Nxe5
21. dxe5+ Qxe5 22. Qxe5+ Kxe5 23. exd5+ Kd6 24. Re8 c6 25. dxc6 Kxc6 26. Rf7 b6
27. Rxh7 a5 28. Rg7 g5 29. Rxg5 Bb7 30. Rxa8 Bxa8 31. Bd5+ Kc7 32. Bxa8 Kd6 33.
h4 Ke6 34. h5 Kf6 35. Rg8 Ke5 36. h6 Kd4 37. h7 Kc5 38. h8=Q a4 39. Qc3+ Kb5
40. Qc6+ Ka5 41. Rg5+ Kb4 42. Qb5# 1-0

[Event "Auckland Anniversary Weekender 2017"]
[Site "Auckland NZL"]
[Date "2017.01.29"]
[Round "4"]
[White "Qiu, Daniel"]
[Black "Xie, Felix"]
[Result "1-0"]
[WhiteElo "1372"]
[BlackElo "1036"]
[PlyCount "103"]
[EventDate "2017.01.27"]

1. d4 d5 2. c4 e6 3. Nc3 Nf6 4. Nf3 Nc6 5. e3 Bb4 6. Bd2 O-O 7. a3 Bxc3 8. Bxc3
Bd7 9. Bd3 dxc4 10. Bxc4 Re8 11. O-O Ne4 12. Qc2 Nxc3 13. Qxc3 Qe7 14. Rac1 e5
15. Bb5 exd4 16. exd4 a6 17. Bc4 Rad8 18. Bd5 Qd6 19. Qc5 Qxc5 20. dxc5 Re2 21.
b4 Rde8 22. Rfd1 Ne5 23. Nxe5 R2xe5 24. Bxf7+ Kxf7 25. Rxd7+ Kf6 26. Rdd1 Re2
27. Kf1 Ra2 28. Rc3 b6 29. cxb6 cxb6 30. Rf3+ Ke7 31. Re1+ Kd7 32. Rd3+ Kc6 33.
Rxe8 Ra1+ 34. Re1 Rxe1+ 35. Kxe1 a5 36. bxa5 bxa5 37. Rd4 Kb5 38. Ke2 g6 39. f4
Kc5 40. Ke3 h6 41. g4 g5 42. fxg5 hxg5 43. Ke4 Kc6 44. Ke5 Kc5 45. h3 Kc6 46.
Ke6 Kc5 47. Rd5+ Kc4 48. Rxa5 Kb3 49. Rxg5 Kxa3 50. Rb5 Ka4 51. Rb8 Ka5 52. Kd6
1-0

[Event "Auckland Anniversary Weekender 2017"]
[Site "Auckland NZL"]
[Date "2017.01.29"]
[Round "4"]
[White "Wang, Aaron Ziwen"]
[Black "Li, Leo Xiang Yu"]
[Result "1/2-1/2"]
[WhiteElo "1562"]
[BlackElo "1337"]
[PlyCount "48"]
[EventDate "2017.01.27"]

1. c4 e5 2. Nc3 Nf6 3. Nf3 Nc6 4. g3 Bc5 5. Bg2 d6 6. O-O Be6 7. b3 Qd7 8. Ng5
Ng4 9. Nxe6 Qxe6 10. e3 f5 11. Re1 e4 12. d4 Bb4 13. Bb2 Ne7 14. a3 Bxc3 15.
Bxc3 d5 16. cxd5 Nxd5 17. Rc1 O-O 18. h3 Ngf6 19. Bb4 Nxb4 20. axb4 Nd5 21. Qd2
Qb6 22. Rc4 a5 23. bxa5 Rxa5 24. Rb1 Rfa8 1/2-1/2